000 00730nam a2200217 i 4500
001 57036
003 ES-MaACL
005 20250522063045.0
007 t|
008 031014s1975 sp |||| |dspa d
100 1 _aDíez Borque, José María,
_d1947-
_944682
245 1 3 _aLa sociedad española y los viajeros del siglo XVII /
_cJosé María Díez Borque.
260 _aMadrid :
_bSociedad General Española de Librería,
_c[1975]
300 _a239 p. :
_bil. ;
_c19 cm.
490 1 _aColección Temas ;
_v5
650 4 _aViajeros-
_zEspaña.
_9167475
651 4 _aEspaña-
_xUsos y costumbres-
_yS.XVII.
_98524
830 0 _aColección Temas ;
_v5
_9182605
852 _aES-MaACL
_jA-8115
999 _c57036
_d57036